MLB NL West Division Winners Since 1995 - Statistics

General Stats
  • This quiz has been taken 17 times
  • The average score is 28 of 31
Answer Stats
Year Answer % Correct
1995 Los Angeles Dodgers
100%
1996 San Diego Padres
100%
2001 Arizona Diamondbacks
93%
2011 Arizona Diamondbacks
93%
2013 Los Angeles Dodgers
93%
2014 Los Angeles Dodgers
93%
2015 Los Angeles Dodgers
93%
2016 Los Angeles Dodgers
93%
2017 Los Angeles Dodgers
93%
2018 Los Angeles Dodgers
93%
2019 Los Angeles Dodgers
93%
2020 Los Angeles Dodgers
93%
2022 Los Angeles Dodgers
93%
2023 Los Angeles Dodgers
93%
2024 Los Angeles Dodgers
93%
2025 Los Angeles Dodgers
93%
1998 San Diego Padres
93%
1997 San Francisco Giants
93%
2010 San Francisco Giants
93%
2012 San Francisco Giants
93%
2021 San Francisco Giants
93%
1999 Arizona Diamondbacks
87%
2002 Arizona Diamondbacks
87%
2007 Arizona Diamondbacks
87%
2004 Los Angeles Dodgers
87%
2008 Los Angeles Dodgers
87%
2009 Los Angeles Dodgers
87%
2005 San Diego Padres
87%
2006 San Diego Padres
87%
2000 San Francisco Giants
87%
2003 San Francisco Giants
87%
No matching quizzes found
Score Distribution
Percent of People with Each Score
Percentile by Number Answered
Your Score History
You have not taken this quiz